00712pam a2200217 a 4500001000800000005001700008008004100025010001700066020002200083040001800105043001200123050002100135100003200156245007200188260004500260300003400305440003500339504005300374650003900427651002800466184253220170114090518.0810724s1982 caua b 001 0 eng  a 81009419  a0891305246 (pbk.) aDLCcDLCdDLC aa-is---00aNA5977b.C5 19821 aChiat, Marilyn Joyce Segal.10aHandbook of synagogue architecture /cby Marilyn Joyce Segal Chiat. aChico, Calif. :bScholars Press,cc1982. axii, 404 p. :bill. ;c23 cm. 0aBrown Judaic studies ;vno. 29 aIncludes bibliographical references and indexes. 0aSynagogue architecturezPalestine. 0aPalestinexAntiquities.